[Event "Chigorin Memorial 2014"]
[Site "St Petersburg RUS"]
[Date "2014.10.23"]
[Round "6.180"]
[White "Pitkanen, Juhani"]
[Black "Zvereva, Svetlana"]
[Result "1-0"]
[WhiteElo "1736"]
[BlackElo "1657"]
[WhiteFideId "504432"]
[BlackFideId "24121282"]
[EventDate "2014.10.18"]

1. d4 d5 2. c4 e6 3. Nc3 Nf6 4. Bg5 Nbd7 5. cxd5 exd5 6. e3 c6 7. Qc2 Qa5 8. Bd3
Bb4 9. Nf3 O-O 10. O-O h6 11. Bh4 Bd6 12. a3 Qc7 13. Rac1 Qb8 14. Bg3 Bxg3 15.
hxg3 Re8 16. Rfe1 Nf8 17. Ne5 Ng4 18. Nxg4 Bxg4 19. Bf5 Bxf5 20. Qxf5 Qc8 21.
Qxc8 Raxc8 22. Rc2 Rcd8 23. Na4 Nd7 24. Rec1 f5 25. Nc5 Nxc5 26. Rxc5 Rd7 27. b4
a6 28. a4 Kf7 29. b5 axb5 30. axb5 cxb5 31. Rxb5 Ree7 32. Rcc5 Ke6 33. Kf1 Rd6
34. Rc2 Rdd7 35. Ke2 Rc7 36. Rcb2 Red7 37. Kf3 Kf7 38. Kf4 g6 39. Ke5 h5 40.
Rxd5 Re7+ 41. Kf4 Kf6 42. Kf3 Kg5 43. Ke2 Kg4 44. Kd3 h4 45. gxh4 Kxh4 46. Rd6
Rg7 47. d5 Kg4 48. Rb4+ Kg5 49. f3 Rcd7 50. Rxd7 Rxd7 51. e4 Kf6 52. Kd4 fxe4
53. fxe4 g5 54. Rb6+ Kg7 55. e5 Rf7 56. e6 Rf4+ 57. Ke5 Rf2 58. Rxb7+ Kg6 1-0

[Event "Chigorin Memorial 2014"]
[Site "St Petersburg RUS"]
[Date "2014.10.23"]
[Round "6.181"]
[White "Bodnaruk, Kseniya"]
[Black "Shadunts, Kirill"]
[Result "1-0"]
[WhiteElo "1558"]
[BlackElo "1696"]
[WhiteFideId "34177865"]
[BlackFideId "34152781"]
[EventDate "2014.10.18"]

1. e4 c5 2. Nf3 Nc6 3. Bc4 g6 4. O-O Bg7 5. c3 Nf6 6. d3 O-O 7. Qe2 Na5 8. Bb3
Nxb3 9. axb3 d5 10. e5 Ne8 11. d4 cxd4 12. Nxd4 Nc7 13. f4 Ne6 14. Be3 a6 15.
Nd2 Nxd4 16. Bxd4 Bd7 17. Qe3 e6 18. Nf3 Re8 19. Bb6 Qc8 20. Rac1 Bc6 21. Nd4 a5
22. Nxc6 Qxc6 23. Bd4 a4 24. c4 a3 25. bxa3 Rxa3 26. cxd5 Qxd5 27. Rc5 Qxb3 28.
Rc3 Qxc3 29. Bxc3 Rc8 30. Rc1 Bf8 31. Qd2 1-0

[Event "Chigorin Memorial 2014"]
[Site "St Petersburg RUS"]
[Date "2014.10.24"]
[Round "7.23"]
[White "Kukhmazov, Arsen"]
[Black "Rozum, Ivan"]
[Result "1/2-1/2"]
[WhiteTitle "FM"]
[BlackTitle "GM"]
[WhiteElo "2351"]
[BlackElo "2551"]
[WhiteFideId "24108260"]
[BlackFideId "24104272"]
[EventDate "2014.10.18"]

1. d4 Nf6 2. c4 e6 3. Nc3 Bb4 4. Qc2 O-O 5. a3 Bxc3+ 6. Qxc3 b5 7. cxb5 c6 8.
Bg5 cxb5 9. e3 Bb7 10. Nf3 a6 11. Bd3 h6 12. Bh4 d6 13. O-O Nbd7 14. a4 Rc8 15.
Qe1 Bc6 16. Bg3 e5 17. axb5 axb5 18. Bf5 Re8 19. Qb4 Qc7 20. Rfc1 Qb8 21. Bh4
Nd5 22. Qb3 N5b6 23. Nd2 exd4 24. exd4 Qb7 25. Bg3 Re2 26. Qd3 Rce8 27. Bg4 Rxd2
28. Qxd2 Bxg2 29. Qf4 Re4 30. Bf3 Bxf3 31. Qxf3 Qd5 32. Rd1 h5 33. h4 Nc4 34.
Kg2 Nxb2 35. Rdb1 Nd3 36. Rxb5 Qxd4 37. Ra8+ Nf8 38. Kh2 Ne5 39. Qxh5 Ng4+ 40.
Kg2 Nf6 41. Qf3 Re1 42. Rbb8 Nd7 43. Rd8 Re7 44. Qc6 f5 45. Qxd6 Qe4+ 46. Kh2
Kf7 47. Qd2 Ne6 48. Rxd7 Qxa8 49. Rxe7+ Kxe7 50. Qd6+ Kf7 51. Qd7+ Kf6 52. Bd6
Qd8 1/2-1/2

[Event "Chigorin Memorial 2014"]
[Site "St Petersburg RUS"]
[Date "2014.10.24"]
[Round "7.42"]
[White "Isakov, Andrey"]
[Black "Pasiev, Rakhim"]
[Result "1/2-1/2"]
[BlackTitle "IM"]
[WhiteElo "2258"]
[BlackElo "2393"]
[WhiteFideId "4151003"]
[BlackFideId "24122475"]
[EventDate "2014.10.18"]

1. e4 e6 2. d4 d5 3. Nc3 Bb4 4. Ne2 dxe4 5. a3 Be7 6. Nxe4 Nf6 7. f3 b6 8. g3
Bb7 9. Bg2 Nbd7 10. O-O c5 11. Nxf6+ Bxf6 12. Be3 O-O 13. Qd2 Qe7 14. Rad1 Rfd8
15. c3 Rac8 16. Nf4 cxd4 17. cxd4 Ne5 18. Qe2 Nc4 19. Bf2 g6 20. Rc1 b5 21. a4
Bxd4 22. axb5 Bxf2+ 23. Rxf2 Qb4 24. Bf1 Nb6 25. Rxc8 Rxc8 26. Qe5 Bd5 27. h4
Bc4 28. h5 Qc5 29. Qxc5 Rxc5 30. Rc2 Rc8 31. hxg6 hxg6 32. Rc3 Kf8 33. Bxc4 Rxc4
34. Nd3 f6 35. Ra3 Rc7 36. Nb4 Rc5 37. Rxa7 Rxb5 38. Nd3 Nd5 39. Kf2 g5 40. Ra3
Kf7 41. Ke2 e5 42. Kd2 g4 43. fxg4 e4 44. Nf4 Rxb2+ 45. Kc1 Rb5 46. Ra7+ Kg8 47.
Nxd5 Rxd5 48. Ra4 Rd3 49. Rxe4 Kf7 50. g5 fxg5 1/2-1/2

[Event "Chigorin Memorial 2014"]
[Site "St Petersburg RUS"]
[Date "2014.10.24"]
[Round "7.61"]
[White "Gogolev, Artem"]
[Black "Ponfilenok, Vladimir"]
[Result "1/2-1/2"]
[WhiteElo "2253"]
[BlackElo "2389"]
[WhiteFideId "4116615"]
[BlackFideId "24113522"]
[EventDate "2014.10.18"]

1. e4 e6 2. d4 d5 3. exd5 exd5 4. c4 Nf6 5. Nc3 Bb4 6. Bd3 O-O 7. Ne2 dxc4 8.
Bxc4 Nbd7 9. O-O Nb6 10. Bd3 Bg4 11. Qc2 c6 12. a3 Be7 13. Bg5 h6 14. Bd2 Re8
15. f3 Be6 16. Be3 Bc4 17. Be4 Nbd5 18. Bf2 Bd6 19. Rfe1 Qc7 20. h3 Nh5 21. Bh7+
Kh8 22. Bd3 Bxd3 23. Qxd3 Qd7 24. Ne4 Bc7 25. N2g3 Bxg3 26. Nxg3 Nhf4 27. Qc2
Kg8 28. Re4 Ng6 29. Qc5 a6 30. Rae1 Nf6 31. Rxe8+ Rxe8 32. Rxe8+ Nxe8 33. Ne4 f5
34. Nc3 Nf6 35. Na4 b5 36. Nc3 Ne7 37. Bg3 Nfd5 38. Ne2 Ng6 39. Be5 Nf8 40. Qc2
Kf7 41. Nc1 Qe6 42. Qc5 Ne7 43. Nd3 Qb3 44. Nb4 Qe3+ 45. Kh2 Ne6 46. Qd6 Ng5 47.
Bf4 Nxf3+ 48. gxf3 Qf2+ 49. Kh1 a5 50. Na6 Qxf3+ 51. Kg1 g5 52. Be5 Qd1+ 53. Kf2
Qd2+ 54. Kf1 Qc1+ 55. Kf2 Qd2+ 56. Kf1 Qd1+ 57. Kf2 Qc2+ 58. Kf1 Qc1+ 59. Kf2
Qc2+ 60. Kf1 Qb1+ 61. Kf2 Qxb2+ 62. Kf1 Qc1+ 63. Kf2 Qd2+ 64. Kf1 Qd3+ 65. Kf2
Qd2+ 66. Kf1 Qd1+ 67. Kf2 Qc2+ 68. Kf1 Qc1+ 69. Kf2 Qb2+ 70. Kf1 Qb1+ 71. Kf2
Qb2+ 72. Kf1 Qb1+ 73. Kf2 Qa2+ 74. Kg1 Qa1+ 75. Kf2 Qa2+ 76. Kg1 Qe6 77. Qd8 Qb3
78. Nc7 Qe3+ 79. Kg2 1/2-1/2

[Event "Chigorin Memorial 2014"]
[Site "St Petersburg RUS"]
[Date "2014.10.24"]
[Round "7.88"]
[White "Palchun, Grigory"]
[Black "Gurvich, Vitaly"]
[Result "1-0"]
[WhiteElo "2284"]
[BlackElo "2106"]
[WhiteFideId "24147338"]
[BlackFideId "24164852"]
[EventDate "2014.10.18"]

1. d4 Nf6 2. Nf3 g6 3. Bf4 Bg7 4. e3 d6 5. h3 O-O 6. c4 c5 7. Nc3 Qa5 8. Qd2
cxd4 9. exd4 Nc6 10. d5 e5 11. Be3 Ne7 12. Nb5 Qd8 13. Nxa7 Bd7 14. Qb4 Nexd5
15. cxd5 Nxd5 16. Qxd6 Nxe3 17. fxe3 Rxa7 18. Bc4 e4 19. Nd4 Qa5+ 20. Ke2 Qg5
21. Rhf1 Bf5 22. Nxf5 gxf5 23. Qc5 Raa8 24. Rxf5 Qxg2+ 25. Rf2 Qg3 26. Qf5 Kh8
27. Bd5 Rad8 28. Bxe4 Qg6 29. Rg1 Qxf5 30. Rxf5 Rd6 31. Rb5 b6 32. Rc1 Rfd8 33.
Rc6 Rd2+ 34. Kf3 Rh2 35. Bf5 Bxb2 36. Rcxb6 Bg7 37. Rb8 Rd2 38. a4 Bc3 39. R8b7
Kg7 40. Be6 Rf8 41. Rf5 Bf6 42. Rf4 h5 43. a5 Kg6 44. Bc4 Rh2 45. Rb6 Rxh3+ 46.
Kf2 Rd8 47. Rbxf6+ Kg5 48. R6f5+ Kh6 49. Rd4 1-0

[Event "Chigorin Memorial 2014"]
[Site "St Petersburg RUS"]
[Date "2014.10.24"]
[Round "7.96"]
[White "Shapiro, David"]
[Black "Opanasenko, Mikhail"]
[Result "1-0"]
[WhiteTitle "FM"]
[WhiteElo "2236"]
[BlackElo "2048"]
[WhiteFideId "24133523"]
[BlackFideId "24176834"]
[EventDate "2014.10.18"]

1. Nf3 c5 2. e3 Nc6 3. b3 e5 4. e4 d6 5. Bb5 Ne7 6. Bb2 g6 7. O-O Bg7 8. c3 Qb6
9. Bxc6+ Nxc6 10. Na3 Bg4 11. Nc4 Qd8 12. h3 Bxf3 13. Qxf3 O-O 14. Qd3 b5 15.
Ne3 a6 16. a4 b4 17. Nc4 Na5 18. cxb4 cxb4 19. Rac1 Nxc4 20. Rxc4 a5 21. Rfc1
Qd7 22. Qd5 Ra7 23. d4 Rd8 24. Rd1 h5 25. Kf1 Kh7 26. dxe5 dxe5 27. Qxd7 Raxd7
28. Rxd7 Rxd7 29. Ke2 f6 30. Rc5 Bh6 31. Bc1 Bxc1 32. Rxc1 Rd4 33. f3 f5 34.
exf5 gxf5 35. Rc5 e4 36. Rxf5 Kg6 37. Rxa5 Rd3 38. fxe4 Rxb3 39. Rb5 Rb2+ 40.
Kf3 b3 41. Rb6+ Kg7 42. Kg3 Kf7 43. a5 Ra2 44. Rxb3 Rxa5 45. Kh4 Re5 46. Rb7+
Kg6 47. Rb6+ Kg7 48. Rd6 Rxe4+ 49. Kxh5 Re5+ 50. Kh4 Ra5 51. Rb6 Kh7 52. g4 Ra3
53. g5 Kg7 54. Kg4 Ra4+ 55. Kh5 Ra7 56. h4 Rc7 57. Rb4 Ra7 58. Kg4 Ra1 59. h5
Ra7 60. h6+ Kh7 61. Kh5 Ra5 62. Rb7+ Kh8 63. Re7 Kg8 64. Kg6 Ra6+ 65. Kf5 Ra5+
66. Kf6 Ra6+ 67. Re6 Ra8 68. g6 Rf8+ 69. Kg5 Ra8 70. h7+ Kh8 71. Kh6 1-0

[Event "Chigorin Memorial 2014"]
[Site "St Petersburg RUS"]
[Date "2014.10.24"]
[Round "7.110"]
[White "Babanin, Gleb"]
[Black "Kostyuchenko, Vladimir"]
[Result "0-1"]
[WhiteElo "1883"]
[BlackElo "2169"]
[WhiteFideId "34152536"]
[BlackFideId "4126084"]
[EventDate "2014.10.18"]

1. e4 c5 2. Nf3 Nc6 3. Bb5 Nf6 4. d3 Qa5+ 5. Nc3 Nd4 6. Bc4 b5 7. e5 Bb7 8.
Bxf7+ Kxf7 9. Ng5+ Kg8 10. exf6 exf6 11. Ne4 b4 12. Ne2 b3+ 13. Bd2 bxc2 14.
Bxa5 cxd1=Q+ 15. Rxd1 f5 16. Nxd4 cxd4 17. Ng5 Bxg2 18. Rg1 Bd5 19. b3 Bd6 20.
f3 Bxh2 21. Rg2 Bf4 22. Kf1 h6 23. Nh3 Be3 24. Ke2 Rc8 25. Ng1 Kf7 26. Kf1 g5
27. Bd2 f4 28. Bxe3 dxe3 29. Re2 Rc3 30. Rg2 Rhc8 31. b4 Rc2 32. a4 Rxg2 33.
Kxg2 Rc2+ 0-1

[Event "Chigorin Memorial 2014"]
[Site "St Petersburg RUS"]
[Date "2014.10.24"]
[Round "7.130"]
[White "Reshetnikov, Ruslan"]
[Black "Bezulenko, Evgeny"]
[Result "1-0"]
[WhiteElo "2106"]
[BlackElo "1827"]
[WhiteFideId "34102768"]
[BlackFideId "24105996"]
[EventDate "2014.10.18"]

1. d4 Nf6 2. c4 e6 3. Nc3 Bb4 4. e3 c5 5. Ne2 b6 6. a3 Ba5 7. Rb1 Qe7 8. Bd2 Bb7
9. b4 cxb4 10. Nb5 Na6 11. axb4 Bxb4 12. Nc7+ Nxc7 13. Bxb4 d6 14. Qa4+ Qd7 15.
Qa3 O-O 16. Bxd6 Rfd8 17. Be5 Ne4 18. Nc3 f6 19. Bf4 e5 20. Bg3 Nxg3 21. hxg3
exd4 22. Rd1 Qe6 23. Ne2 dxe3 24. Rxd8+ Rxd8 25. fxe3 Ba6 26. Nf4 Qe4 27. Bd3
Qxe3+ 28. Kf1 g6 29. Rxh7 Rxd3 30. Rh8+ Kxh8 31. Qf8+ 1-0

[Event "Chigorin Memorial 2014"]
[Site "St Petersburg RUS"]
[Date "2014.10.24"]
[Round "7.181"]
[White "Shadunts, Kirill"]
[Black "Zvereva, Svetlana"]
[Result "1/2-1/2"]
[WhiteElo "1696"]
[BlackElo "1657"]
[WhiteFideId "34152781"]
[BlackFideId "24121282"]
[EventDate "2014.10.18"]

1. d4 d5 2. c4 e6 3. Nc3 Nf6 4. cxd5 exd5 5. Bg5 Nbd7 6. e3 c6 7. Bd3 Qa5 8. Qc2
Bb4 9. Ne2 O-O 10. O-O Bd6 11. Rab1 Qc7 12. h3 h6 13. Bf4 Bxf4 14. Nxf4 Qd8 15.
b4 a6 16. a4 Nb6 17. Qb2 Nc4 18. Qa2 Nd6 19. Rfc1 Bf5 20. Bxf5 Nxf5 21. Qb3 Nd6
22. b5 axb5 23. axb5 Nc4 24. Qd1 Qd6 25. Nd3 Na3 26. Rb3 Nc4 27. Rbb1 Qe7 28.
bxc6 bxc6 29. Nc5 Rfb8 30. N3a4 Ne4 31. Nxe4 Qxe4 32. Nc5 Qe7 33. Rxb8+ Rxb8 34.
Rb1 Rxb1 35. Qxb1 Qa7 36. Nd3 f6 37. Nf4 Qb6 38. Qxb6 Nxb6 39. Kf1 Kf7 40. Ke2
Ke7 41. Kf3 g5 42. Nd3 h5 43. Ke2 Nc4 44. Nb4 Kd6 45. Nd3 Ke6 46. g4 hxg4 47.
hxg4 f5 48. f3 fxg4 49. fxg4 Nb6 50. Nb4 Kd6 51. Nd3 Nd7 52. Kf3 Ke6 53. Kg3 Kd6
54. Kf3 Ke6 55. Kg3 Kd6 56. Kf3 Ke6 57. Kg3 1/2-1/2

[Event "Chigorin Memorial 2014"]
[Site "St Petersburg RUS"]
[Date "2014.10.25"]
[Round "8.15"]
[White "Gordievsky, Dmitry"]
[Black "Matlakov, Maxim"]
[Result "0-1"]
[WhiteTitle "FM"]
[BlackTitle "GM"]
[WhiteElo "2455"]
[BlackElo "2692"]
[WhiteFideId "24112798"]
[BlackFideId "4168003"]
[EventDate "2014.10.18"]
[EventType "swiss"]

1. e4 c5 2. Nf3 d6 3. Bb5+ Nd7 4. O-O a6 5. Bd3 Ngf6 6. Re1 b5 7. a4 b4 8. c3
Bb7 9. Bc2 Qc7 10. a5 e6 11. d3 bxc3 12. bxc3 Be7 13. Nbd2 O-O 14. Nf1 Rfc8 15.
Qe2 Rab8 16. N3d2 Ba8 17. Nc4 d5 18. Ncd2 dxe4 19. dxe4 c4 20. Ne3 Ne5 21. Rf1
Rb5 22. Ra4 Rxa5 23. Rxa5 Qxa5 24. Bb2 h6 25. f4 Qb6 26. fxe5 Ng4 27. Nxc4 Rxc4
28. Bc1 Rxc3 29. Qf3 Nxe3 0-1

[Event "Chigorin Memorial 2014"]
[Site "St Petersburg RUS"]
[Date "2014.10.25"]
[Round "8.79"]
[White "Smirnov, Timofey"]
[Black "Leite, Catarina"]
[Result "0-1"]
[BlackTitle "WIM"]
[WhiteElo "2419"]
[BlackElo "2154"]
[WhiteFideId "24176427"]
[BlackFideId "1901222"]
[EventDate "2014.10.18"]
[EventType "swiss"]

1. e4 c5 2. Nf3 e6 3. d4 cxd4 4. Nxd4 Nc6 5. Nc3 Qc7 6. Be3 a6 7. Qd2 Nf6 8. f3
Ne5 9. Bf4 d6 10. O-O-O Be7 11. g4 b5 12. g5 Nh5 13. Be3 b4 14. Nb1 Rb8 15. Qe2
Ng6 16. Qc4 Qxc4 17. Bxc4 Bb7 18. Nd2 Ngf4 19. Rhg1 d5 20. Bf1 O-O 21. Rg4 Ng6
22. exd5 Bxd5 23. Bxa6 Ne5 24. Rh4 Ra8 25. Be2 g6 26. f4 Nd7 27. Bb5 Nc5 28. Bc6
Rxa2 29. Bxd5 Ra1+ 30. Nb1 exd5 31. f5 Rc8 32. b3 Ne4 33. Kb2 Rca8 34. Nb5 R8a2+
35. Kc1 Nc3 36. Nxc3 bxc3 37. Rxd5 Ba3+ 38. Kd1 Rxb1+ 39. Ke2 Rxc2+ 40. Kd3 Rd1+
41. Kxc2 Rxd5 42. f6 h6 43. Ra4 Bf8 44. h4 hxg5 45. hxg5 Ng3 46. b4 Ne4 47. Ra5
Rf5 48. Kd3 Nd6 49. Ra8 Nb7 50. Rb8 Rb5 51. Kxc3 Nd6 52. Rd8 Ne4+ 53. Kc4 Rxb4+
54. Kd3 Ra4 55. Rc8 Nd6 56. Rd8 Ra3+ 57. Ke2 Rc3 58. Bf4 Nb7 59. Rb8 Nc5 60. Re8
Rb3 61. Bd6 Ne6 62. Kf2 Rb5 63. Kf3 Rxg5 64. Be7 Rd5 0-1

[Event "Chigorin Memorial 2014"]
[Site "St Petersburg RUS"]
[Date "2014.10.25"]
[Round "8.135"]
[White "Matchenya, Ivan"]
[Black "Aseev, Vladimir"]
[Result "0-1"]
[WhiteElo "1659"]
[BlackElo "2094"]
[WhiteFideId "34120120"]
[BlackFideId "24121371"]
[EventDate "2014.10.18"]
[EventType "swiss"]

1. e4 c5 2. Nc3 Nc6 3. Bb5 e6 4. Bxc6 bxc6 5. d3 Ne7 6. f4 Ng6 7. Be3 f6 8. Nf3
Qc7 9. g3 Be7 10. O-O O-O 11. h4 d6 12. Kg2 Bd7 13. Rh1 Nh8 14. h5 Nf7 15. Qe2
Nh6 16. Rh3 Ng4 17. Bd2 f5 18. exf5 Rxf5 19. Ng1 Nh6 20. g4 Rff8 21. f5 Bf6 22.
fxe6 Rae8 23. Re3 Bc8 24. Ne4 Bxb2 25. Rb1 Bd4 26. Rf3 Bxe6 27. Bxh6 gxh6 28.
Rxf8+ Rxf8 29. Rf1 Rxf1 30. Kxf1 Qf7+ 31. Kg2 Qf4 32. c3 Be5 33. Nf2 Bd5+ 34.
Kf1 Bxc3 35. Qe8+ Qf8 36. Qe2 Bd4 37. Nh3 Qf7 38. a3 Bf3 39. Qd2 Bxg4 40. Nf4
Bxh5 41. Nxh5 Qxh5 42. Qf4 Bxf2 0-1

[Event "Chigorin Memorial 2014"]
[Site "St Petersburg RUS"]
[Date "2014.10.25"]
[Round "8.136"]
[White "Gogin, Artem"]
[Black "Fraiman, Dmitry"]
[Result "0-1"]
[WhiteElo "1815"]
[BlackElo "2093"]
[WhiteFideId "34103780"]
[BlackFideId "34100641"]
[EventDate "2014.10.18"]
[EventType "swiss"]

1. d4 d5 2. Bg5 f6 3. Bf4 Nc6 4. e3 e5 5. Bg3 Bd6 6. c4 exd4 7. cxd5 Bb4+ 8. Nd2
dxe3 9. fxe3 Qxd5 10. Nf3 Bg4 11. Bxc7 Rc8 12. Bf4 g5 13. Bg3 Bxf3 14. gxf3 Rd8
15. Bg2 Bxd2+ 16. Kf2 Bxe3+ 0-1

[Event "Chigorin Memorial 2014"]
[Site "St Petersburg RUS"]
[Date "2014.10.25"]
[Round "8.165"]
[White "Kiselev, Viktor"]
[Black "Borunova, Tatiana"]
[Result "0-1"]
[WhiteElo "1876"]
[BlackElo "1629"]
[WhiteFideId "24119075"]
[BlackFideId "24173665"]
[EventDate "2014.10.18"]
[EventType "swiss"]

1. e4 e5 2. Nf3 Nc6 3. Bb5 d6 4. d4 Bd7 5. c3 exd4 6. cxd4 g6 7. O-O Bg7 8. Nc3
Nge7 9. Bg5 O-O 10. Nd5 f6 11. Be3 Nxd5 12. Bc4 Ne7 13. Qb3 Be6 14. exd5 Bf7 15.
Rac1 b6 16. a4 a5 17. Rc2 Ra7 18. Rfc1 Qa8 19. Ne1 Bxd5 20. Nd3 Kh8 21. Nf4 Bxc4
22. Rxc4 Nd5 23. Ne6 Rc8 24. Bd2 c5 25. Qg3 Qc6 26. Qh3 Re8 27. f4 Rae7 28. Nxg7
Rxg7 29. Qf3 Nb4 30. Kf2 d5 31. Bxb4 Rge7 32. Re1 axb4 33. Rxe7 Rxe7 34. b3 Re4
35. dxc5 dxc4 36. bxc4 Qxc5+ 0-1

[Event "Chigorin Memorial 2014"]
[Site "St Petersburg RUS"]
[Date "2014.10.25"]
[Round "8.168"]
[White "Gantsevich, Dmitry"]
[Black "Nordstrom, Hakon N"]
[Result "0-1"]
[WhiteElo "1698"]
[BlackElo "1847"]
[WhiteFideId "24162582"]
[BlackFideId "1513710"]
[EventDate "2014.10.18"]
[EventType "swiss"]

1. e4 e6 2. d4 d5 3. Nc3 Nf6 4. e5 Nfd7 5. f4 c5 6. Nf3 Nc6 7. Be3 Qb6 8. Na4
Qa5+ 9. c3 cxd4 10. b4 Nxb4 11. cxb4 Bxb4+ 12. Bd2 Bxd2+ 13. Nxd2 O-O 14. Qb3 a6
15. Rc1 b5 16. Nc5 Nb6 17. Qb1 Nc4 18. Nb3 Qb4 19. Bxc4 bxc4 20. Nxd4 Qa3 21.
Qc2 Bd7 22. Ne2 Rfb8 23. Nb1 Qc5 24. Rf1 Rb6 25. Nd2 Rab8 26. Nf3 Rb2 27. Qc3
Rxa2 28. Nfd4 Ra3 29. Qc2 Ba4 30. Qd2 Qb6 31. Rf3 Rxf3 32. Nxf3 Bb3 33. Ra1 h6
34. Nfd4 Rc8 35. Qc3 Rc5 36. Nc1 Rc7 37. Ndxb3 cxb3 38. Qb2 Rc2 39. Qxb3 Qg1# 0-1

[Event "Chigorin Memorial 2014"]
[Site "St Petersburg RUS"]
[Date "2014.10.26"]
[Round "9.3"]
[White "Ponkratov, Pavel"]
[Black "Rodshtein, Maxim"]
[Result "1/2-1/2"]
[WhiteTitle "GM"]
[BlackTitle "GM"]
[WhiteElo "2617"]
[BlackElo "2678"]
[WhiteFideId "4157800"]
[BlackFideId "2806851"]
[EventDate "2014.10.18"]

1. d4 d5 2. c4 e6 3. Nc3 Bb4 4. Qa4+ Nc6 5. e3 Nf6 6. Ne2 Bd7 7. Qb3 dxc4 8.
Qxc4 O-O 9. a3 Bd6 10. f4 Rb8 11. e4 b5 12. Qd3 b4 13. Nd1 Be7 14. Bd2 Na5 15.
Bxb4 Bxb4+ 16. axb4 Bb5 17. Qc3 Nc6 18. Nf2 Rb6 19. Nc1 Nxd4 20. Bxb5 Nxb5 21.
Qd3 Qe7 22. Qc4 e5 23. fxe5 Nd7 24. O-O Nxe5 25. Qc5 Re8 26. Ncd3 Nc6 27. Rfc1
Qd6 28. Rc4 h6 29. Re1 Ncd4 30. Qh5 Rbb8 31. Rc5 c6 32. Rf1 Ne6 33. Rf5 Rb7 34.
Qg4 Nbd4 35. Rh5 Ng5 36. h4 Nh7 37. e5 Qg6 38. e6 Qxg4 39. Nxg4 Nxe6 40. Re5
Nhf8 41. Re4 Rd8 42. Ngf2 Ng6 43. Rc1 Ne7 44. Rc3 Rd5 45. g3 h5 46. Kg2 g6 47.
Rcc4 Kg7 48. Rc3 Rdb5 49. Rcc4 Rd5 50. Rc3 Rd6 51. Ra3 Nf5 52. Ra6 Ned4 53. Re5
Nc2 54. Nc5 Rxb4 55. Rxa7 Rxb2 56. Nce4 Rd5 57. Re8 Nce3+ 58. Kf3 Rb3 59. Ng5
Nc4+ 60. Kf4 Ncd6 61. Ne6+ Kf6 62. Ng5 Nh6 63. Re6+ Kg7 64. Rxd6 Rxd6 65. Nfe4
Rb4 66. Kf3 Rd3+ 67. Ke2 Rxe4+ 68. Nxe4 Rd4 69. Kf3 Rc4 70. Rc7 Ng4 71. Nd6 Ne5+
72. Ke3 Ra4 73. Ne4 Kf8 74. Kf4 Ng4 75. Kf3 Ra5 76. Nd6 f6 77. Rf7+ Kg8 78. Rc7
Ne5+ 79. Kf4 Ra4+ 80. Ne4 Kf8 81. Ke3 Ng4+ 82. Kf3 Ne5+ 83. Ke3 Ra3+ 84. Kf2
Ng4+ 85. Kg2 Ra2+ 86. Kg1 Rc2 87. Kh1 f5 88. Ng5 Ke8 89. Ne6 Ne5 90. Ng7+ Kf8
91. Ne6+ Kg8 92. Kg1 Rd2 93. Rg7+ Kh8 94. Re7 Kg8 95. Rg7+ Kh8 96. Re7 Nf3+ 97.
Kf1 Nh2+ 98. Ke1 Nf3+ 99. Kf1 Nh2+ 1/2-1/2

[Event "Chigorin Memorial 2014"]
[Site "St Petersburg RUS"]
[Date "2014.10.26"]
[Round "9.6"]
[White "Grachev, Boris"]
[Black "Rozum, Ivan"]
[Result "1/2-1/2"]
[WhiteTitle "GM"]
[BlackTitle "GM"]
[WhiteElo "2673"]
[BlackElo "2551"]
[WhiteFideId "4129199"]
[BlackFideId "24104272"]
[EventDate "2014.10.18"]

1. d4 Nf6 2. c4 e6 3. Nc3 Bb4 4. e3 c5 5. Ne2 cxd4 6. exd4 O-O 7. a3 Be7 8. g3
d5 9. cxd5 Nxd5 10. Bg2 Nxc3 11. bxc3 Nc6 12. O-O Bd7 13. Nf4 Rc8 14. d5 exd5
15. Nxd5 Be6 16. Bf4 Bg5 17. Qh5 Bxd5 18. Bxg5 Qa5 19. Bf6 Be6 20. Qxa5 Nxa5 21.
Bd4 b6 22. Rfe1 Rfd8 23. Rab1 Nc6 24. Bxc6 Rxc6 25. f3 f6 26. Kf2 Kf7 27. Rb5
Rd5 28. Rxd5 Bxd5 29. Rb1 Rc4 30. Rb4 Ke6 31. Ke3 h5 32. Rxc4 Bxc4 33. h4 Bb5
34. g4 Be8 35. c4 g6 36. gxh5 gxh5 37. c5 bxc5 38. Bxc5 a6 39. Bd4 Bc6 40. Kf4
Bd5 1/2-1/2

[Event "Chigorin Memorial 2014"]
[Site "St Petersburg RUS"]
[Date "2014.10.26"]
[Round "9.102"]
[White "Soldatov, Arnold"]
[Black "Abdusattorov, Nodirbek"]
[Result "0-1"]
[BlackTitle "FM"]
[WhiteElo "1984"]
[BlackElo "2212"]
[WhiteFideId "24135623"]
[BlackFideId "14204118"]
[EventDate "2014.10.18"]

1. d4 Nf6 2. Nf3 e6 3. Bf4 Nc6 4. e3 g6 5. Be2 Bg7 6. c4 d6 7. Nc3 O-O 8. O-O h6
9. h3 b6 10. Nd2 Bb7 11. Bf3 Rb8 12. Nde4 Nxe4 13. Bxe4 Kh7 14. a3 f5 15. Bc2 e5
16. dxe5 dxe5 17. Bh2 Na5 18. Qe2 Qh4 19. Rad1 Rbd8 20. Nb5 Ba6 21. b3 c6 22.
Nc7 Bc8 23. b4 Nxc4 24. Bg3 Qe7 25. Qxc4 Qxc7 26. Ba4 c5 27. Rc1 f4 28. Bh2 f3
29. bxc5 fxg2 30. Kxg2 bxc5 31. Qxc5 Qf7 32. Bc6 Qe6 33. Kh1 Ba6 34. Rg1 Rc8 35.
Qd5 Rxc6 36. Qxc6 Qxc6+ 37. Rxc6 Bb7 38. Rxg6 Bf6 39. Rg4 Bxc6+ 40. Kg1 Rd8 41.
f3 Bxf3 42. Ra4 Rd7 43. Kf2 e4 44. Bg3 Bc3 45. Bb8 a5 46. Rc4 Bf6 47. Kg3 Bg5
48. Rc3 Rd1 49. Rc7+ Kg8 50. Ba7 Rg1+ 51. Kf2 Rg2+ 52. Kf1 Rh2 53. Rc8+ Kf7 54.
Rc7+ Ke8 0-1

[Event "Chigorin Memorial 2014"]
[Site "St Petersburg RUS"]
[Date "2014.10.26"]
[Round "9.155"]
[White "Repkin, Alexander"]
[Black "Zakharov, Yuri"]
[Result "1/2-1/2"]
[WhiteElo "2077"]
[BlackElo "1830"]
[WhiteFideId "24126691"]
[BlackFideId "4166620"]
[EventDate "2014.10.18"]

1. d4 Nf6 2. Nc3 d5 3. Bg5 g6 4. Bxf6 exf6 5. e3 Bg7 6. h4 h5 7. Qd2 c6 8. O-O-O
b5 9. Kb1 a5 10. Nce2 a4 11. Nc1 Na6 12. e4 Bh6 13. Qe1 O-O 14. exd5 Qxd5 15. f3
Bf5 16. Bd3 Rfe8 17. Nge2 Bxd3 18. Nxd3 b4 19. Qf2 b3 20. cxb3 axb3 21. a3 Be3
22. Qf1 Bxd4 23. g4 hxg4 24. fxg4 Be5 25. h5 Qe4 26. hxg6 Qxg6 27. Nc1 c5 28.
Qf5 c4 29. Nxe5 Rxe5 30. Qxg6+ fxg6 31. Rd6 Nc5 32. Rxf6 Re6 33. Rxe6 Nxe6 34.
Ne2 Rf8 35. Rc1 Rf2 36. Ng3 Rf4 37. a4 Rxg4 38. Nf1 Rg1 39. Ne3 Rxc1+ 40. Kxc1
Nc5 41. a5 g5 42. Kd2 Ne4+ 43. Kc1 Nc5 44. Kd2 Ne4+ 45. Kc1 Nc5 46. Nxc4 Kf7 47.
Kd2 Ke6 48. Kc3 Kd5 49. Ne3+ Kc6 50. Kc4 Na6 51. Ng4 Nc5 52. Ne5+ Kd6 53. Nf7+
Kc6 54. Nxg5 Na4 1/2-1/2